Purification and partial characterization of a tripeptidase from Pediococcus pentosaceus K9.2 /

সংরক্ষণ করুন:
গ্রন্থ-পঞ্জীর বিবরন
অন্যান্য লেখক: Alichanidis, E., Choli-Papadopoulou, T., Simitsopoulou, M., Vafopoulou, A.
বিন্যাস: প্রবন্ধ
ভাষা:English
বিষয়গুলি:
ট্যাগগুলো: ট্যাগ যুক্ত করুন
কোনো ট্যাগ নেই, প্রথমজন হিসাবে ট্যাগ করুন!
Thư viện lưu trữ: Thư viện Trường Đại học Đà Lạt
LEADER 01136nam a2200361 4500
001 DLU090096419
005 ##20091201
040 # # |a DLU  |b eng 
041 # # |a eng 
044 # # |a us 
245 # # |a Purification and partial characterization of a tripeptidase from Pediococcus pentosaceus K9.2 /  |c M. Simitsopoulou ... [et al.].  
653 # # |a Aminoacid sequence 
653 # # |a Characterization 
653 # # |a Environmental factor 
653 # # |a Enzymatic activity 
653 # # |a Pediococcus pentosaceus 
653 # # |a Physicochemical properties 
653 # # |a Purification 
653 # # |a Tripeptide aminopeptidase 
700 # # |a Alichanidis, E. 
700 # # |a Choli-Papadopoulou, T. 
700 # # |a Simitsopoulou, M. 
700 # # |a Vafopoulou, A. 
773 # # |t Applied and Environmental Microbiology  |g Vol. 63, no. 12 (December 1997), p. 4872-4876 
920 # # |a Phòng Tạp chí -- Trung tâm Thông tin - Thư viện Trường Đại học Đà Lạt 
994 # # |a DLU 
900 # # |a True 
911 # # |a Trương Bảo Trâm Anh 
925 # # |a G 
926 # # |a A 
927 # # |a BB 
980 # # |a Thư viện Trường Đại học Đà Lạt